Eurasian Business Review

Na minha lista:
Detalhes bibliográficos
Formato: Periódico
Idioma:inglês
Publicado em: Heidelberg Springer
Tags: Adicionar Tag
Sem tags, seja o primeiro a adicionar uma tag!

MARC

LEADER 00000nas1a2200000 4500
001 0312030
005 20250903082959.3
022 |a 1309-4297 
022 |a 2147-4281 
041 0 |a eng 
044 |a DE 
245 1 0 |a Eurasian Business Review 
264 1 |a Heidelberg  |b Springer